1908 1556 1005 1224 1007 1630 1715 1743 1578 1622 1086 1937 1587 1195 1891 1845 1472 1877 1310 1622 1542 1168 1446 1702 1699 1265 1674 1652 1499 1351 1591 1187 1597 1540 1165 1224 1414 1964 1304 1883 1989 1788 1351 1925 1287 1238 1471 1941 1491 1974 1643 1363 1592 1916 1993 1898 1948 1645 1125 1147 1844 1291 1813 1381 1713 1959 1554 1412 1649 1041 1126 1623 1625 1371 1836 1163 1906 1994 1686 1021 1731 1754 1302 1430 1493 1592 1411 1693 1483 1786 1583 1999 1404 1206 1368 1488 1207 1384 1406 BCNSPRNW ULIB Ver.6.0+V

เปลี่ยนเป็นภาษาไทย

Change to English
 แสดงรายละเอียดบรรณานุกรม
  กลับหน้าหลัก

Brief Record : Get Marc (ISO 2709) : E-mail record : QR code < ปิดหน้าต่าง
LEADER : 00000nam 2200000uu 4500
001    13399111493
003     ULIB
008    110628s2551||||th 000 0 tha d
020    9789741075577
020    974107557x
050  4 BQ4308^bก284ท 2551
100 0  กฤษดาวรรณ หงศ์ลดารมภ์
245 10 แทบธุลีดิน :^b18 วัน 80 กิโลเมตรกับการจาริกบนหลังคาโลก /^cกฤษดาวรรณ หงศ์ลดารมภ์ บันทึก ; วรวรรณา เพ็ชรกิจ, เรียบเรียง ; นิพนธ์ แจ่มดวง, บรรณาธิการ
250    พิมพ์ครั้งที่ 1
260    กรุงเทพฯ :^bสวนเงินมีมา,^c2551
300    239 หน้า :^bภาพประกอบ ;^c19 ซม.
440  0 ชุดวิถีชีวิต
650  7 การจาริกแสวงบุญ^zทิเบต
650  7 การจาริกแสวงบุญในพุทธศาสนา^zทิเบต
651  7 ทิเบต^xความเป็นอยู่และประเพณี
651  7 ทิเบต^xภูมิประเทศและการท่องเที่ยว
700 0  วรวรรณา เพ็ชรกิจ
700 0  นิพนธ์ แจ่มดวง,^eบรรณาธิการ
945    ^p240^l0^i025103
995    ทศพร
999 ^a ใช้งานได้ทุกระบบ
รายการนี้ยังไม่มีแท็ก
คุณยังไม่ได้ล็อกอิน คุณสามารถมีกิจกรรมร่วมกับเว็บไซต์ได้ แต่ต้องล็อกอินก่อน ::
  ล็อกอิน

รายการสื่อสารสนเทศ

ลำดับที่ ประเภท เลขเรียก/บาร์โค้ด สถานที่ สถานะ
- ไม่พบข้อมูล -

BibComment


ยังไม่เคยถูกคอมเมนท์

คอมเมนท์ทรัพยากรรายการนี้
  คอมเมนท์: แทบธุลีดิน 18 วั..


 Copyright 2026. Bcnsprnw @Library